[Event "34. Open Ciutat de Badalona 2008"]
[Site "Badalona ESP"]
[Date "2008.08.06"]
[Round "6.5"]
[White "Pakleza, Zbigniew"]
[Black "Moskalenko, Viktor"]
[Result "0-1"]
[WhiteElo "2495"]
[BlackElo "2569"]
[PlyCount "106"]
[EventDate "2008.08.01"]
[EventType "swiss"]
[EventRounds "9"]
[EventCountry "ESP"]
[SourceTitle "Ajedrez en Madrid"]
[Source "lmi"]
[SourceDate "2008.08.01"]
[SourceVersion "1"]
[SourceVersionDate "2018.07.18"]
[SourceQuality "1"]

1. d4 Nf6 2. Nf3 e6 3. Bf4 c5 4. e3 Qb6 5. Nc3 Nc6 6. a3 Nh5 7. Bg3 Nxg3 8.
hxg3 d5 9. Be2 cxd4 10. exd4 a6 11. O-O g6 12. Qd2 Bg7 13. Na4 Qc7 14. b4 O-O
15. c3 Rd8 16. Qf4 e5 17. dxe5 Nxe5 18. Rfd1 Bg4 19. Kh1 Bxf3 20. gxf3 Qc6 21.
Nc5 Nc4 22. Bxc4 dxc4 23. Kg2 Bxc3 24. Rxd8+ Rxd8 25. Rh1 b5 26. Qh4 Bf6 27.
Qxh7+ Kf8 28. Qh6+ Bg7 29. Qf4 Qd6 30. Qe4 Re8 31. Qc2 Kg8 32. Rd1 Qf6 33. Rd7
c3 34. Qb3 Rf8 35. Ne4 Qc6 36. Rd6 Qc8 37. Rxg6 Kh7 38. Rg4 c2 39. Qd3 f5 40.
Ng5+ Kh6 41. Qd6+ Rf6 42. Nf7+ Kh7 43. Ng5+ Kh6 44. Nf7+ Kh7 45. Ng5+ Kg6 46.
Qd3 c1=Q 47. Ne6+ Kf7 48. Ng5+ Ke7 49. Qe2+ Re6 50. Nxe6 fxg4 51. Nc5+ Kf7 52.
Ne4 Q8c6 53. Qd3 Ke7 0-1

[Event "34. Open Ciutat de Badalona 2008"]
[Site "Badalona ESP"]
[Date "2008.08.06"]
[Round "6.6"]
[White "Panelo, Marcelo"]
[Black "Gardela Batlle, Jordi"]
[Result "1-0"]
[WhiteElo "2414"]
[BlackElo "2184"]
[PlyCount "43"]
[EventDate "2008.08.01"]
[EventType "swiss"]
[EventRounds "9"]
[EventCountry "ESP"]
[SourceTitle "Ajedrez en Madrid"]
[Source "lmi"]
[SourceDate "2008.08.01"]
[SourceVersion "1"]
[SourceVersionDate "2018.07.18"]
[SourceQuality "1"]

1. d4 d5 2. c4 c6 3. Nc3 Nf6 4. Nf3 Bf5 5. cxd5 Nxd5 6. Nh4 Bg4 7. h3 Bh5 8. g4
Bg6 9. Nxg6 hxg6 10. Qb3 Nb6 11. e4 e6 12. Be3 N8d7 13. O-O-O a5 14. d5 a4 15.
Nxa4 Rxa4 16. dxe6 Qa8 17. exf7+ Ke7 18. Bg5+ Nf6 19. Qxb6 Kxf7 20. Qb3+ Ke8
21. Qe6+ Be7 22. Rd7 1-0

[Event "34. Open Ciutat de Badalona 2008"]
[Site "Badalona ESP"]
[Date "2008.08.06"]
[Round "6.7"]
[White "Cuartas, Jaime Alexander"]
[Black "Alonso Moyano, Jonathan"]
[Result "1-0"]
[WhiteElo "2495"]
[BlackElo "2372"]
[PlyCount "109"]
[EventDate "2008.08.01"]
[EventType "swiss"]
[EventRounds "9"]
[EventCountry "ESP"]
[SourceTitle "Ajedrez en Madrid"]
[Source "lmi"]
[SourceDate "2008.08.01"]
[SourceVersion "1"]
[SourceVersionDate "2018.07.18"]
[SourceQuality "1"]

1. e4 c5 2. c3 d5 3. exd5 Qxd5 4. d4 Nf6 5. Nf3 Bg4 6. Qa4+ Bd7 7. Qb3 Qxb3 8.
axb3 e6 9. dxc5 Bxc5 10. Nbd2 O-O 11. b4 Be7 12. Nc4 Nd5 13. Be2 a6 14. O-O Nc6
15. Rd1 Rfd8 16. g3 Be8 17. h3 Rac8 18. Bd2 f6 19. Ne1 Bg6 20. Ng2 e5 21. Nge3
Nxe3 22. Nxe3 Bd3 23. Bg4 Rb8 24. Be1 e4 25. f3 Ne5 26. Be6+ Kf8 27. fxe4 Bxe4
28. Bd5 Bxd5 29. Nxd5 Rd6 30. b3 Rbd8 31. c4 b5 32. Rdc1 bxc4 33. bxc4 Rc6 34.
Nxe7 Kxe7 35. c5 Nf3+ 36. Kf2 Nxe1 37. Rxe1+ Kf7 38. Re4 Rd2+ 39. Ke3 Rd7 40.
Rd4 Rb7 41. Kd3 Re6 42. Kc4 f5 43. Rad1 g5 44. Rd7+ Rxd7 45. Rxd7+ Kg6 46. Kd5
Re3 47. c6 Rxg3 48. c7 Rd3+ 49. Kc6 Rc3+ 50. Kb7 Rxc7+ 51. Rxc7 g4 52. hxg4
fxg4 53. Kxa6 h5 54. b5 g3 55. b6 1-0

[Event "34. Open Ciutat de Badalona 2008"]
[Site "Badalona ESP"]
[Date "2008.08.06"]
[Round "6.8"]
[White "Cruz, Filemon"]
[Black "Hernando Rodrigo, Julio A"]
[Result "1-0"]
[WhiteElo "2416"]
[BlackElo "2354"]
[PlyCount "95"]
[EventDate "2008.08.01"]
[EventType "swiss"]
[EventRounds "9"]
[EventCountry "ESP"]
[SourceTitle "Ajedrez en Madrid"]
[Source "lmi"]
[SourceDate "2008.08.01"]
[SourceVersion "1"]
[SourceVersionDate "2018.07.18"]
[SourceQuality "1"]

1. Nf3 Nf6 2. g3 b6 3. Bg2 Bb7 4. O-O c5 5. c4 e6 6. b3 Be7 7. Bb2 O-O 8. Qc2
Nc6 9. Nc3 d5 10. cxd5 Nxd5 11. Rac1 Rc8 12. Nxd5 Qxd5 13. Qc4 Qxc4 14. bxc4
Rfd8 15. d3 Rc7 16. Rb1 Bd6 17. Bc3 e5 18. Rfe1 Re7 19. Nd2 Nb4 20. Bxb7 Nxa2
21. Ra1 Nxc3 22. Bg2 e4 23. Bxe4 Nxe4 24. Nxe4 Be5 25. Ra3 f5 26. Nc3 Rf7 27.
Nd5 b5 28. f4 b4 29. Ra5 Rxd5 30. cxd5 Bc3 31. Rc1 Bd2 32. Rca1 Bc3 33. Rb1
Bd4+ 34. Kf1 g5 35. fxg5 f4 36. gxf4 Rxf4+ 37. Kg2 Rf2+ 38. Kg3 Rxe2 39. Kg4
Re3 40. Rxa7 Rxd3 41. Kf5 Rc3 42. d6 Re3 43. Kg4 Re6 44. Kf3 Re8 45. d7 Rd8 46.
Ke4 b3 47. Rc7 b2 48. Rc8 1-0

[Event "34. Open Ciutat de Badalona 2008"]
[Site "Badalona ESP"]
[Date "2008.08.06"]
[Round "6.9"]
[White "Hernandez, Ivan"]
[Black "Lubczynski, Rafal"]
[Result "1-0"]
[WhiteElo "2344"]
[BlackElo "2414"]
[PlyCount "111"]
[EventDate "2008.08.01"]
[EventType "swiss"]
[EventRounds "9"]
[EventCountry "ESP"]
[SourceTitle "Ajedrez en Madrid"]
[Source "lmi"]
[SourceDate "2008.08.01"]
[SourceVersion "1"]
[SourceVersionDate "2018.07.18"]
[SourceQuality "1"]

1. Nf3 Nf6 2. c4 b6 3. d4 e6 4. g3 Ba6 5. b3 Bb4+ 6. Bd2 Be7 7. Bg2 c6 8. Nc3
d5 9. cxd5 cxd5 10. Ne5 O-O 11. O-O Nfd7 12. Nxd5 exd5 13. Nxf7 Rxf7 14. Bxd5
Nf6 15. Bxa8 Qxd4 16. Bf4 Qxd1 17. Rfxd1 Rf8 18. Rac1 Bc5 19. Bf3 Nbd7 20. a3
Bb5 21. b4 Be7 22. Bc6 Bxc6 23. Rxc6 a5 24. Rc7 axb4 25. axb4 Bxb4 26. Rdxd7
Nxd7 27. Rxd7 Bc5 28. h4 h6 29. e3 Rc8 30. Rb7 Re8 31. h5 Re4 32. Kg2 Re6 33.
g4 Be7 34. Kf3 Bc5 35. Ke2 Be7 36. Kd3 Kf8 37. Kc4 Rc6+ 38. Kd5 Rc5+ 39. Ke6
Rc6+ 40. Kf5 Rf6+ 41. Ke4 Rc6 42. Be5 Kf7 43. f4 g6 44. Bd4 gxh5 45. gxh5 Rc1
46. Rxb6 Bf8 47. Rb7+ Kg8 48. Kf5 Rh1 49. Kg4 Rg1+ 50. Kf3 Rh1 51. Rb5 Bd6 52.
Rd5 Be7 53. Bc5 Bf6 54. e4 Kf7 55. e5 Rxh5 56. e6+ 1-0

[Event "34. Open Ciutat de Badalona 2008"]
[Site "Badalona ESP"]
[Date "2008.08.06"]
[Round "6.10"]
[White "Tscharotschkin, Michael"]
[Black "Rojas, Luis"]
[Result "1/2-1/2"]
[WhiteElo "2236"]
[BlackElo "2406"]
[PlyCount "92"]
[EventDate "2008.08.01"]
[EventType "swiss"]
[EventRounds "9"]
[EventCountry "ESP"]
[SourceTitle "Ajedrez en Madrid"]
[Source "lmi"]
[SourceDate "2008.08.01"]
[SourceVersion "1"]
[SourceVersionDate "2018.07.18"]
[SourceQuality "1"]

1. e4 c5 2. c3 e6 3. d4 d5 4. exd5 exd5 5. Nf3 Nf6 6. Bd3 c4 7. Be2 Bd6 8. b3
cxb3 9. axb3 O-O 10. O-O Nc6 11. Bg5 Bg4 12. h3 Bh5 13. Ne5 Bxe2 14. Qxe2 Nxe5
15. dxe5 Re8 16. Bxf6 Qxf6 17. f4 Bc5+ 18. Kh2 Qb6 19. b4 Be3 20. Ra5 d4 21.
Rb5 Qc6 22. Rc5 Qe4 23. Qf3 Qxf3 24. Rxf3 f6 25. exf6 gxf6 26. cxd4 Rad8 27.
Rc3 Bxd4 28. Rc7 Kh8 29. Rxb7 Re1 30. Nc3 Bg1+ 31. Kg3 Rg8+ 32. Kh4 Rxg2 33.
Rd3 Re8 34. Rdd7 Bf2+ 35. Kh5 Re3 36. Rd8+ Rg8 37. Rxg8+ Kxg8 38. Nd5 Rxh3+ 39.
Kg4 Rh6 40. Kf5 Bd4 41. Ne7+ Kf8 42. Nc6 Be3 43. Rb8+ Kf7 44. Rb7+ Kf8 45. Rb8+
Kf7 46. Rb7+ Kf8 1/2-1/2

[Event "34. Open Ciutat de Badalona 2008"]
[Site "Badalona ESP"]
[Date "2008.08.07"]
[Round "7.2"]
[White "Panchanathan, Magesh Chandran"]
[Black "Panelo, Marcelo"]
[Result "1-0"]
[WhiteElo "2486"]
[BlackElo "2414"]
[PlyCount "99"]
[EventDate "2008.08.01"]
[EventType "swiss"]
[EventRounds "9"]
[EventCountry "ESP"]
[SourceTitle "Ajedrez en Madrid"]
[Source "lmi"]
[SourceDate "2008.08.01"]
[SourceVersion "1"]
[SourceVersionDate "2018.07.18"]
[SourceQuality "1"]

1. Nf3 c5 2. c4 Nc6 3. g3 g6 4. Bg2 Bg7 5. O-O d6 6. Nc3 e5 7. d3 Nge7 8. a3 a5
9. Ne1 O-O 10. Nc2 Rb8 11. Ne3 Nd4 12. Ned5 Nxd5 13. Nxd5 Bg4 14. Re1 b5 15. e3
Bd7 16. h3 Nf5 17. Bd2 h5 18. b3 h4 19. g4 Ne7 20. Bxa5 Qxa5 21. Nxe7+ Kh7 22.
Nd5 f5 23. g5 Be6 24. Ra2 bxc4 25. bxc4 Rb3 26. Qxb3 Qxe1+ 27. Kh2 Bxd5 28.
Bxd5 f4 29. exf4 Rxf4 30. Qc2 e4 31. Qe2 Qxe2 32. Rxe2 exd3 33. Rd2 Bc3 34.
Rxd3 Rxf2+ 35. Kg1 Rc2 36. Rf3 Bd4+ 37. Kf1 Rc1+ 38. Ke2 Rc3 39. Rxc3 Bxc3 40.
Kd3 Ba5 41. Ke4 Kg7 42. a4 Kf8 43. Be6 Bd2 44. Kd5 Ke7 45. Bg4 Bc3 46. Kc6 Bb4
47. Bf3 Kd8 48. Kb7 d5 49. Bxd5 Bd2 50. Be4 1-0

[Event "34. Open Ciutat de Badalona 2008"]
[Site "Badalona ESP"]
[Date "2008.08.07"]
[Round "7.3"]
[White "Konguvel, Ponnuswamy"]
[Black "Munoz Pantoja, Miguel"]
[Result "1/2-1/2"]
[WhiteElo "2415"]
[BlackElo "2499"]
[PlyCount "103"]
[EventDate "2008.08.01"]
[EventType "swiss"]
[EventRounds "9"]
[EventCountry "ESP"]
[SourceTitle "Ajedrez en Madrid"]
[Source "lmi"]
[SourceDate "2008.08.01"]
[SourceVersion "1"]
[SourceVersionDate "2018.07.18"]
[SourceQuality "1"]

1. e4 c5 2. Nf3 Nc6 3. d4 cxd4 4. Nxd4 Nf6 5. Nc3 e5 6. Ndb5 d6 7. Bg5 a6 8.
Na3 b5 9. Nd5 Be7 10. Bxf6 Bxf6 11. c3 Bg5 12. Nc2 Ne7 13. h4 Bh6 14. a4 bxa4
15. Ncb4 O-O 16. Rxa4 Nxd5 17. Nxd5 a5 18. Bb5 Rb8 19. Qd3 f5 20. exf5 Bxf5 21.
Qe2 Be6 22. Bc4 Kh8 23. O-O Qxh4 24. b3 Bd7 25. Rxa5 Rf5 26. g3 Qh3 27. Rfa1
Rh5 28. Qxh5 Qxh5 29. Ra8 Qe8 30. Nc7 Qc8 31. Rxb8 Qxb8 32. Ra8 Qxa8 33. Nxa8
Bd2 34. Nb6 Bg4 35. b4 Bxc3 36. Nd5 Bd4 37. b5 Be6 38. Ne3 Bxe3 39. Bxe6 Bc5
40. Kg2 g6 41. g4 h6 42. f3 Kg7 43. Bd5 Kf6 44. Be4 Kg5 45. Kg3 h5 46. gxh5
gxh5 47. Bd5 Bb6 48. Bc6 h4+ 49. Kh3 Bd8 50. Bd5 Kf4 51. b6 Bxb6 52. Kxh4
1/2-1/2

[Event "34. Open Ciutat de Badalona 2008"]
[Site "Badalona ESP"]
[Date "2008.08.07"]
[Round "7.4"]
[White "Karlsson, Lars"]
[Black "Almeida Quintana, Omar"]
[Result "1/2-1/2"]
[WhiteElo "2476"]
[BlackElo "2524"]
[PlyCount "74"]
[EventDate "2008.08.01"]
[EventType "swiss"]
[EventRounds "9"]
[EventCountry "ESP"]
[SourceTitle "Ajedrez en Madrid"]
[Source "lmi"]
[SourceDate "2008.08.01"]
[SourceVersion "1"]
[SourceVersionDate "2018.07.18"]
[SourceQuality "1"]

1. c4 g6 2. g3 Bg7 3. Bg2 c5 4. Nc3 Nc6 5. e3 e5 6. a3 a5 7. Nge2 Nge7 8. Nb5
d6 9. Nec3 f5 10. f4 O-O 11. O-O Be6 12. Nd5 Bf7 13. d3 Nxd5 14. cxd5 Ne7 15.
e4 Be8 16. a4 Bxb5 17. axb5 Qb6 18. fxe5 Bxe5 19. Bg5 Rae8 20. Ra2 c4+ 21. Kh1
cxd3 22. Bxe7 Rxe7 23. exf5 Qxb5 24. Ra3 Rxf5 25. Rxf5 gxf5 26. Rxd3 Bxb2 27.
Bf1 Qb4 28. Rf3 a4 29. Rf4 Re1 30. Qh5 Rxf1+ 31. Kg2 Rxf4 32. Qe8+ Kg7 33. Qe7+
Kg6 34. Qe8+ Kf6 35. Qe6+ Kg5 36. Qg8+ Kh6 37. Qe6+ Kg7 1/2-1/2

[Event "34. Open Ciutat de Badalona 2008"]
[Site "Badalona ESP"]
[Date "2008.08.07"]
[Round "7.5"]
[White "Hernando Rodrigo, Jose Maria"]
[Black "Cuartas, Jaime Alexander"]
[Result "1/2-1/2"]
[WhiteElo "2377"]
[BlackElo "2495"]
[PlyCount "98"]
[EventDate "2008.08.01"]
[EventType "swiss"]
[EventRounds "9"]
[EventCountry "ESP"]
[SourceTitle "Ajedrez en Madrid"]
[Source "lmi"]
[SourceDate "2008.08.01"]
[SourceVersion "1"]
[SourceVersionDate "2018.07.18"]
[SourceQuality "1"]

1. d4 d5 2. c4 c6 3. Nc3 Nf6 4. Nf3 e6 5. Bg5 Nbd7 6. cxd5 cxd5 7. e3 a6 8. Bd3
Be7 9. Ne5 Nxe5 10. dxe5 Nd7 11. Bxe7 Qxe7 12. f4 f6 13. O-O O-O 14. exf6 Nxf6
15. e4 d4 16. Ne2 e5 17. fxe5 Qxe5 18. Bc4+ Be6 19. Bxe6+ Qxe6 20. Nxd4 Qxe4
21. Qb3+ Nd5 22. Rxf8+ Rxf8 23. Nf3 Qe3+ 24. Qxe3 Nxe3 25. Rc1 Nd5 26. Rd1 Nf6
27. Rd6 Rc8 28. Rb6 Rc7 29. Ng5 Ng4 30. g3 h6 31. Ne6 Rc1+ 32. Kg2 Rc2+ 33. Kh3
Ne3 34. Rb3 Nf1 35. Rxb7 Rxh2+ 36. Kg4 g6 37. Nf4 Ne3+ 38. Kf3 Nc4 39. b3 Nd2+
40. Kg4 Ne4 41. Nxg6 Rxa2 42. Ne7+ Kf8 43. Nf5 Nf6+ 44. Kf4 Rf2+ 45. Ke5 Ng4+
46. Ke6 Re2+ 47. Kd6 Rd2+ 48. Ke6 Re2+ 49. Kd6 Rd2+ 1/2-1/2

[Event "34. Open Ciutat de Badalona 2008"]
[Site "Badalona ESP"]
[Date "2008.08.07"]
[Round "7.6"]
[White "Hernandez, Ivan"]
[Black "Cruz, Filemon"]
[Result "1-0"]
[WhiteElo "2344"]
[BlackElo "2416"]
[PlyCount "61"]
[EventDate "2008.08.01"]
[EventType "swiss"]
[EventRounds "9"]
[EventCountry "ESP"]
[SourceTitle "Ajedrez en Madrid"]
[Source "lmi"]
[SourceDate "2008.08.01"]
[SourceVersion "1"]
[SourceVersionDate "2018.07.18"]
[SourceQuality "1"]

1. Nf3 c5 2. c4 Nf6 3. g3 b6 4. Bg2 Bb7 5. O-O e6 6. Nc3 Be7 7. Re1 d6 8. e4 a6
9. d4 cxd4 10. Nxd4 Qc7 11. Be3 O-O 12. Rc1 Nbd7 13. f4 Rfe8 14. Nd5 exd5 15.
cxd5 Nc5 16. b4 Bf8 17. Bd2 Nfd7 18. bxc5 bxc5 19. Kh1 g6 20. Nb3 Nf6 21. Ba5
Qd7 22. Bc3 Bg7 23. Qd2 Rad8 24. Na5 Ba8 25. Nc4 Qb5 26. Ba5 Rd7 27. a4 Qb8 28.
Rb1 Bb7 29. Bc3 Qd8 30. a5 Rde7 31. Nxd6 1-0

[Event "34. Open Ciutat de Badalona 2008"]
[Site "Badalona ESP"]
[Date "2008.08.07"]
[Round "7.9"]
[White "Rojas, Luis"]
[Black "Larsen, Karsten"]
[Result "1/2-1/2"]
[WhiteElo "2406"]
[BlackElo "2337"]
[PlyCount "176"]
[EventDate "2008.08.01"]
[EventType "swiss"]
[EventRounds "9"]
[EventCountry "ESP"]
[SourceTitle "Ajedrez en Madrid"]
[Source "lmi"]
[SourceDate "2008.08.01"]
[SourceVersion "1"]
[SourceVersionDate "2018.07.18"]
[SourceQuality "1"]

1. e4 g6 2. d4 Bg7 3. h4 h5 4. Nh3 d5 5. exd5 Qxd5 6. Be3 Nc6 7. Nc3 Qd8 8. d5
Nb4 9. Bc4 Bf5 10. Bb3 c6 11. dxc6 Nxc6 12. Qe2 Nf6 13. Rd1 Qa5 14. Ng5 O-O 15.
O-O Ng4 16. Nd5 e6 17. Bd2 Qc5 18. Ne3 Nd4 19. Qe1 Rfd8 20. Nxf5 Qxf5 21. f3
Ne5 22. Bc3 Nxb3 23. cxb3 Nd3 24. Qe2 Qc5+ 25. Kh1 Bxc3 26. bxc3 Qxc3 27. Rd2
Nf4 28. Rxd8+ Rxd8 29. Qe4 Qd3 30. Qxf4 Qxf1+ 31. Kh2 Rf8 32. Ne4 Qa1 33. Qg5
Kg7 34. Ng3 Rh8 35. Ne4 Qd4 36. Qe7 Qd8 37. Qxb7 Qxh4+ 38. Kg1 Qe1+ 39. Kh2 Rd8
40. Qe7 Qa5 41. f4 Qf5 42. Qxd8 Qxe4 43. Qd2 Kf6 44. a4 Kf5 45. Qa5+ Kxf4 46.
Qxa7 f5 47. Qf2+ Ke5 48. a5 g5 49. Qb2+ Kd6 50. Qd2+ Kc6 51. Qxg5 Qe5+ 52. Kh1
Qxa5 53. Qxh5 Qe1+ 54. Kh2 Kc5 55. Qf3 Qh4+ 56. Kg1 Qe1+ 57. Kh2 Kb4 58. Qd3
Qh4+ 59. Kg1 Qe1+ 60. Kh2 Qe5+ 61. g3 Qd5 62. Qe3 Qxb3 63. Qb6+ Kc3 64. Qe3+
Kb2 65. Qe2+ Kc1 66. Qe1+ Kc2 67. Qe2+ Kc1 68. Qe1+ Kb2 69. Qe5+ Ka2 70. Kh3
Qc4 71. Qa5+ Kb3 72. Qb6+ Kc2 73. Qf2+ Kd3 74. Qf3+ Kd2 75. Qf2+ Kd3 76. Qf3+
Kd4 77. g4 fxg4+ 78. Qxg4+ Kc3 79. Qg7+ Kd2 80. Qg5+ Ke1 81. Qe5+ Kd2 82. Qb2+
Qc2 83. Qb6 Qf5+ 84. Kg3 Qg5+ 85. Kf3 Qf5+ 86. Kg3 Qg5+ 87. Kf3 Qf6+ 88. Kg3
Qg5+ 1/2-1/2

[Event "34. Open Ciutat de Badalona 2008"]
[Site "Badalona ESP"]
[Date "2008.08.07"]
[Round "7.10"]
[White "Buchenau, Frank"]
[Black "Gallego Alcaraz, Andres Felipe"]
[Result "1/2-1/2"]
[WhiteElo "2335"]
[BlackElo "2400"]
[PlyCount "66"]
[EventDate "2008.08.01"]
[EventType "swiss"]
[EventRounds "9"]
[EventCountry "ESP"]
[SourceTitle "Ajedrez en Madrid"]
[Source "lmi"]
[SourceDate "2008.08.01"]
[SourceVersion "1"]
[SourceVersionDate "2018.07.18"]
[SourceQuality "1"]

1. e4 c5 2. f4 g6 3. Nf3 Bg7 4. Be2 Nc6 5. O-O d6 6. c3 e6 7. Na3 Nge7 8. Nc2
f5 9. exf5 Nxf5 10. g4 Nfe7 11. d4 cxd4 12. Ncxd4 O-O 13. h3 Qb6 14. Qb3 Nxd4
15. Nxd4 Bxd4+ 16. cxd4 Qxb3 17. axb3 Bd7 18. Bd2 Rfc8 19. Bc4 b5 20. Bd3 Nc6
21. Bxb5 Rcb8 22. Ba4 Rb7 23. d5 exd5 24. Rae1 Rab8 25. Bc3 d4 26. Bxc6 Bxc6
27. Bxd4 Rxb3 28. Bc3 R3b7 29. f5 gxf5 30. Rxf5 Rf7 31. Ref1 Rxf5 32. Rxf5 Rb5
33. Rxb5 Bxb5 1/2-1/2

[Event "34. Open Ciutat de Badalona 2008"]
[Site "Badalona ESP"]
[Date "2008.08.08"]
[Round "8.1"]
[White "Panchanathan, Magesh Chandran"]
[Black "Sundararajan, Kidambi"]
[Result "0-1"]
[WhiteElo "2486"]
[BlackElo "2446"]
[PlyCount "40"]
[EventDate "2008.08.01"]
[EventType "swiss"]
[EventRounds "9"]
[EventCountry "ESP"]
[SourceTitle "Ajedrez en Madrid"]
[Source "lmi"]
[SourceDate "2008.08.01"]
[SourceVersion "1"]
[SourceVersionDate "2018.07.18"]
[SourceQuality "1"]

1. b3 d5 2. Bb2 Bg4 3. g3 c6 4. Bg2 Nd7 5. Nf3 Ngf6 6. O-O e6 7. c4 Bd6 8. d4
O-O 9. Nbd2 Bh5 10. Re1 Ne4 11. Nxe4 dxe4 12. Nd2 f5 13. c5 Bc7 14. Nc4 Nf6 15.
f3 f4 16. fxe4 fxg3 17. h3 Nxe4 18. Bxe4 Qh4 19. Bg2 Bg4 20. d5 Rf2 0-1

[Event "34. Open Ciutat de Badalona 2008"]
[Site "Badalona ESP"]
[Date "2008.08.08"]
[Round "8.2"]
[White "Almeida Quintana, Omar"]
[Black "Munoz Pantoja, Miguel"]
[Result "1/2-1/2"]
[WhiteElo "2524"]
[BlackElo "2499"]
[PlyCount "93"]
[EventDate "2008.08.01"]
[EventType "swiss"]
[EventRounds "9"]
[EventCountry "ESP"]
[SourceTitle "Ajedrez en Madrid"]
[Source "lmi"]
[SourceDate "2008.08.01"]
[SourceVersion "1"]
[SourceVersionDate "2018.07.18"]
[SourceQuality "1"]

1. d4 Nf6 2. Nf3 c5 3. d5 g6 4. c4 d6 5. Nc3 Bg7 6. e4 Bg4 7. Be2 O-O 8. O-O
Bxf3 9. Bxf3 Nbd7 10. Be2 Ne8 11. f4 a6 12. a4 Nc7 13. Be3 e6 14. dxe6 Nxe6 15.
Qxd6 Bd4 16. Bxd4 cxd4 17. Nd5 Ndc5 18. Qxd8 Rfxd8 19. f5 Ng5 20. Rad1 Ngxe4
21. Rxd4 a5 22. fxg6 hxg6 23. Bf3 Ng5 24. Bd1 Nge6 25. Rd2 Kg7 26. Rdf2 Rf8 27.
g4 Ne4 28. Re2 Nd6 29. b3 Rh8 30. Nb6 Rad8 31. Re5 Ne8 32. Rd5 Nf6 33. Rxd8
Rxd8 34. Nd5 Nxd5 35. cxd5 Rxd5 36. Be2 Rd4 37. Rd1 Nf4 38. Bf3 Rb4 39. Rd7 b6
40. Rb7 Rxb3 41. Bc6 Ne2+ 42. Kf1 Nc3 43. Be8 Kf8 44. Bxf7 Rb4 45. Bxg6 Rf4+
46. Ke1 Rxg4 47. Rxb6 1/2-1/2

[Event "34. Open Ciutat de Badalona 2008"]
[Site "Badalona ESP"]
[Date "2008.08.08"]
[Round "8.3"]
[White "Konguvel, Ponnuswamy"]
[Black "Karlsson, Lars"]
[Result "1-0"]
[WhiteElo "2415"]
[BlackElo "2476"]
[PlyCount "71"]
[EventDate "2008.08.01"]
[EventType "swiss"]
[EventRounds "9"]
[EventCountry "ESP"]
[SourceTitle "Ajedrez en Madrid"]
[Source "lmi"]
[SourceDate "2008.08.01"]
[SourceVersion "1"]
[SourceVersionDate "2018.07.18"]
[SourceQuality "1"]

1. e4 e6 2. d4 d5 3. Nc3 Nf6 4. e5 Ng8 5. Nf3 Qd7 6. h4 b6 7. h5 Ba6 8. Bxa6
Nxa6 9. Ne2 c5 10. c3 Nc7 11. a4 h6 12. O-O c4 13. b3 cxb3 14. Qxb3 Ne7 15. Bd2
Nc6 16. Rfc1 Be7 17. c4 O-O 18. a5 Rfc8 19. axb6 axb6 20. Rxa8 Rxa8 21. Nf4 Ra6
22. cxd5 exd5 23. e6 fxe6 24. Ng6 Bd6 25. Qc2 b5 26. Bf4 Nb4 27. Qd2 Rc6 28.
Rb1 Rc2 29. Qe3 Nc6 30. Bxd6 Qxd6 31. Nfe5 Nxe5 32. Nxe5 Qf8 33. Ng6 Qf6 34.
Ra1 Qg5 35. Qf3 Qf5 36. Ne7+ 1-0

[Event "34. Open Ciutat de Badalona 2008"]
[Site "Badalona ESP"]
[Date "2008.08.08"]
[Round "8.4"]
[White "Moskalenko, Viktor"]
[Black "Panelo, Marcelo"]
[Result "1/2-1/2"]
[WhiteElo "2569"]
[BlackElo "2414"]
[PlyCount "37"]
[EventDate "2008.08.01"]
[EventType "swiss"]
[EventRounds "9"]
[EventCountry "ESP"]
[SourceTitle "Ajedrez en Madrid"]
[Source "lmi"]
[SourceDate "2008.08.01"]
[SourceVersion "1"]
[SourceVersionDate "2018.07.18"]
[SourceQuality "1"]

1. d4 d5 2. c4 c6 3. Nf3 Nf6 4. e3 Bf5 5. Nc3 e6 6. Nh4 Bg6 7. Qb3 Qc7 8. Nxg6
hxg6 9. Bd2 Nbd7 10. cxd5 exd5 11. O-O-O Nb6 12. h3 a5 13. f3 a4 14. Qc2 Nc4
15. Bxc4 dxc4 16. Ne4 b5 17. Nxf6+ gxf6 18. Qe4+ Be7 19. Bb4 1/2-1/2

[Event "34. Open Ciutat de Badalona 2008"]
[Site "Badalona ESP"]
[Date "2008.08.08"]
[Round "8.5"]
[White "Cuartas, Jaime Alexander"]
[Black "Hernandez, Ivan"]
[Result "1/2-1/2"]
[WhiteElo "2495"]
[BlackElo "2344"]
[PlyCount "50"]
[EventDate "2008.08.01"]
[EventType "swiss"]
[EventRounds "9"]
[EventCountry "ESP"]
[SourceTitle "Ajedrez en Madrid"]
[Source "lmi"]
[SourceDate "2008.08.01"]
[SourceVersion "1"]
[SourceVersionDate "2018.07.18"]
[SourceQuality "1"]

1. e4 e6 2. d4 d5 3. e5 c5 4. c3 Nc6 5. Nf3 Qb6 6. a3 Nh6 7. Bd3 cxd4 8. cxd4
Nf5 9. Bxf5 exf5 10. Nc3 Be6 11. O-O Be7 12. b4 h6 13. Qd3 O-O 14. Na4 Qd8 15.
Bd2 Rc8 16. Rfc1 b6 17. b5 Nb8 18. Qb3 Qd7 19. Nb2 g5 20. Ne1 f4 21. a4 Rxc1
22. Rxc1 Rc8 23. Rxc8+ Qxc8 24. f3 a5 25. Ned3 Nd7 1/2-1/2

[Event "34. Open Ciutat de Badalona 2008"]
[Site "Badalona ESP"]
[Date "2008.08.08"]
[Round "8.6"]
[White "Pakleza, Zbigniew"]
[Black "Perpinya Rofes, Lluis Maria"]
[Result "1-0"]
[WhiteElo "2495"]
[BlackElo "2385"]
[PlyCount "63"]
[EventDate "2008.08.01"]
[EventType "swiss"]
[EventRounds "9"]
[EventCountry "ESP"]
[SourceTitle "Ajedrez en Madrid"]
[Source "lmi"]
[SourceDate "2008.08.01"]
[SourceVersion "1"]
[SourceVersionDate "2018.07.18"]
[SourceQuality "1"]

1. d4 Nf6 2. Nf3 g6 3. Bf4 Bg7 4. e3 O-O 5. Be2 c5 6. c3 d6 7. h3 b6 8. O-O Bb7
9. Nbd2 Nbd7 10. a4 a6 11. Bh2 Ne4 12. Nxe4 Bxe4 13. Nd2 Bc6 14. Bf3 Qc7 15.
Qe2 Qb7 16. Ra3 b5 17. axb5 axb5 18. Rfa1 b4 19. Bxc6 Qxc6 20. Ra6 Rxa6 21.
Rxa6 Qb7 22. Bg3 Rc8 23. Ra2 Nf6 24. Qd3 cxd4 25. cxd4 Rc1+ 26. Kh2 Nh5 27. Nb3
Rc8 28. Ra5 Nxg3 29. Kxg3 e5 30. Kh2 Qe7 31. Rb5 Bf8 32. d5 1-0

[Event "34. Open Ciutat de Badalona 2008"]
[Site "Badalona ESP"]
[Date "2008.08.08"]
[Round "8.7"]
[White "Cruz, Filemon"]
[Black "Hernando Rodrigo, Jose Maria"]
[Result "1/2-1/2"]
[WhiteElo "2416"]
[BlackElo "2377"]
[PlyCount "31"]
[EventDate "2008.08.01"]
[EventType "swiss"]
[EventRounds "9"]
[EventCountry "ESP"]
[SourceTitle "Ajedrez en Madrid"]
[Source "lmi"]
[SourceDate "2008.08.01"]
[SourceVersion "1"]
[SourceVersionDate "2018.07.18"]
[SourceQuality "1"]

1. c4 e6 2. Nf3 Nf6 3. Nc3 d5 4. d4 Bb4 5. e3 c5 6. a3 Bxc3+ 7. bxc3 Nc6 8. Bd3
O-O 9. O-O Na5 10. Ne5 b6 11. cxd5 exd5 12. a4 Re8 13. Bb2 Bb7 14. Ra2 Rc8 15.
Qf3 Rc7 16. Qh3 1/2-1/2